|
|
|
|
| LEADER |
01642nas a2200361 a 4500 |
| 001 |
31288 |
| 003 |
BD-DhAAL |
| 005 |
20241205153659.0 |
| 006 |
a|||||r|||| 00| 0 |
| 007 |
ta |
| 008 |
171129c2016 bg mr|p|rg||| 00| 00eng d |
| 022 |
|
|
|a 2414-3367
|
| 040 |
|
|
|a BD-DhAAL
|
| 082 |
|
|
|a 307.1412095492
|2 22
|
| 110 |
|
|
|a BRAC Research and Evaluation Division
|9 24086
|
| 245 |
|
|
|a At both ends of the gun :
|b street-connect children in Dhaka and politics of violence /
|c Rehnuma Rahman, Zion Rabbi Samaddar, Abu Ahasan.
|
| 260 |
|
|
|a Dhaka :
|b BRAC Research and Evaluation Division,
|c April 2016.
|
| 300 |
|
|
|a v. 65 :
|b illustrations ;
|c 24 cm.
|
| 440 |
|
|
|a
|9 24092
|
| 490 |
|
|
|a BRAC Research monograph series ;
|v 65
|
| 526 |
|
|
|a AAL
|
| 541 |
|
|
|a Complimentary copy from BRAC
|
| 610 |
|
|
|a BRAC
|9 24087
|
| 650 |
|
|
|a Rural development
|z Bangladesh
|9 24088
|
| 650 |
|
|
|a Public health
|z Bangladesh
|9 24089
|
| 700 |
|
|
|a Rahman, Rehnuma.
|9 24090
|
| 700 |
|
|
|a Samadder, Zion Rabbi.
|9 24093
|
| 700 |
|
|
|a Ahasan, Abu.
|9 24094
|
| 830 |
|
|
|a BRAC Research monograph series ;
|v 65
|9 24092
|
| 942 |
|
|
|2 ddc
|c CR
|
| 999 |
|
|
|c 38676
|d 38676
|
| 952 |
|
|
|0 0
|1 0
|2 ddc
|4 0
|6 307_141209549200000_ATB
|7 1
|9 62061
|a BRACUL
|b BRACUL
|c BRS
|d 2017-11-29
|e Complementary copy from BRAC
|l 0
|o 307.1412095492 ATB
|p 3010031288
|r 2017-11-29
|t 1
|w 2017-11-29
|y CR
|x Complimentary copy from BRAC; Price not available in register.
|
| 952 |
|
|
|0 0
|1 0
|2 ddc
|4 0
|6 307_141209549200000_ATB
|7 1
|9 62062
|a BRACUL
|b BRACUL
|c BRS
|d 2017-11-29
|e Complementary copy from BRAC
|l 0
|o 307.1412095492 ATB
|p 3010031289
|r 2017-11-29
|t 1
|w 2017-11-29
|y CR
|x Complimentary copy from BRAC; Price not available in register.
|